| 000 | 00369nam a22001457a 4500 | ||
|---|---|---|---|
| 008 | 250602b |||||||| |||| 00| 0 eng d | ||
| 020 | _aJZ 1067.S 25 | ||
| 050 |
_aQP514.2 _b.543 |
||
| 100 | _aSharma Tnvenii | ||
| 245 | _aMolecular Biology and Biochemistry | ||
| 260 |
_aNew Delhi _bLandom Publication _c2020 |
||
| 300 | _a284p | ||
| 650 | _aBiochemistry | ||
| 942 | _cBK | ||
| 999 |
_c3740 _d3740 |
||